[Event "ch-USA Junior GpA"]
[Site "Saint Louis USA"]
[Date "2012.07.11"]
[Round "1"]
[White "Michaelides, Matthew E"]
[Black "Xiong, Jeffrey"]
[Result "0-1"]
[BlackTitle "FM"]
[WhiteElo "2107"]
[BlackElo "2206"]
[WhiteFideId "2042207"]
[BlackFideId "2047640"]
[EventDate "2012.07.11"]

1. d4 Nf6 2. c4 e6 3. Nc3 Bb4 4. e3 b6 5. Ne2 Ba6 6. a3 Bxc3+ 7. Nxc3 d5 8. b3
O-O 9. Be2 Nc6 10. a4 dxc4 11. bxc4 Qd7 12. O-O Rfd8 13. Bb2 e5 14. d5 Na5 15.
Nb5 c6 16. dxc6 Qxc6 17. Qc2 Bb7 18. Bf3 Qxc4 19. Qxc4 Nxc4 20. Bxb7 Rab8 21.
Bxe5 Nxe5 22. Rfd1 Rd7 23. Rxd7 Nexd7 24. Bf3 a6 25. Nd4 Nc5 26. g3 g6 27. Kg2
Kg7 28. Bc6 Nfe4 29. Rc1 Nxf2 30. Rb1 Ng4 31. Re1 Ne5 32. Ra1 Rc8 33. Bf3 Nc4
34. Kf2 Re8 35. Nc2 Nb2 36. Ra2 Nbxa4 37. Rxa4 Nxa4 38. Bc6 Rc8 39. Bxa4 b5 40.
Bb3 a5 41. Nd4 a4 42. Bd1 a3 43. Bb3 Rc1 0-1

[Event "ch-USA Junior GpA"]
[Site "Saint Louis USA"]
[Date "2012.07.12"]
[Round "2"]
[White "Yang, Darwin"]
[Black "Shen, Victor C"]
[Result "1/2-1/2"]
[WhiteTitle "IM"]
[BlackTitle "FM"]
[WhiteElo "2498"]
[BlackElo "2425"]
[WhiteFideId "2029111"]
[BlackFideId "2028581"]
[EventDate "2012.07.11"]

1. d4 Nf6 2. c4 e6 3. Nc3 Bb4 4. e3 O-O 5. Ne2 d5 6. a3 Be7 7. cxd5 exd5 8. Nf4
a5 9. Bd3 c6 10. O-O Na6 11. Bc2 Nc7 12. f3 Ne6 13. e4 dxe4 14. Nxe6 Bxe6 15.
fxe4 Bg4 16. Qd3 Bh5 17. Kh1 Bg6 18. Be3 b5 19. Qe2 b4 20. e5 bxc3 21. exf6 Bxf6
22. bxc3 Re8 23. Bxg6 hxg6 24. Qd3 Rb8 25. c4 Rxe3 26. Qxe3 Bxd4 27. Qf3 Bxa1
28. Qxf7+ Kh7 29. Rxa1 Qf6 30. Qxf6 gxf6 31. Kg1 Rb3 32. Rd1 Rxa3 1/2-1/2

[Event "ch-USA Junior GpA"]
[Site "Saint Louis USA"]
[Date "2012.07.12"]
[Round "3"]
[White "Michaelides, Matthew E"]
[Black "Shetty, Atulya"]
[Result "1/2-1/2"]
[WhiteElo "2107"]
[BlackElo "2252"]
[WhiteFideId "2042207"]
[BlackFideId "2031213"]
[EventDate "2012.07.11"]

1. d4 Nf6 2. c4 e6 3. Nc3 Bb4 4. e3 b6 5. Ne2 Ba6 6. a3 Bxc3+ 7. Nxc3 d5 8. Qf3
c6 9. b3 O-O 10. Be2 Nbd7 11. O-O Rc8 12. Bb2 Bb7 13. Rfd1 Qe7 14. Qg3 Rfd8 15.
Rac1 Ne8 16. e4 Nd6 17. Bd3 Nf8 18. Re1 dxe4 19. Bxe4 Ng6 20. Bb1 Qf8 21. Rcd1
Nf5 22. Bxf5 exf5 23. Qg5 f4 24. h4 f3 25. h5 Nh8 26. Ne4 f5 27. Ng3 Nf7 28.
Qxf5 fxg2 29. Re3 Rc7 30. Rde1 Bc8 31. Qf4 Nd6 32. Qxf8+ Rxf8 33. Re7 Rxe7 34.
Rxe7 Rf7 35. Rxf7 Kxf7 36. Kxg2 a5 37. c5 bxc5 38. dxc5 Nb7 39. b4 axb4 40. axb4
Be6 41. Kf3 Nd8 42. Kf4 Bd5 43. Ke5 Bf3 44. Bc1 h6 45. Kd6 Ne6 46. Be3 Kf6 47.
b5 cxb5 48. c6 b4 49. c7 Nxc7 50. Kxc7 g6 51. Bd4+ Kg5 52. Be3+ Kf6 53. Bd4+ Kg5
54. hxg6 Kxg6 55. Kd6 Kg5 56. Be3+ Kg4 57. Nf1 Be2 58. Nd2 h5 59. Kc5 1/2-1/2

[Event "ch-USA Junior GpA"]
[Site "Saint Louis USA"]
[Date "2012.07.14"]
[Round "7"]
[White "Shen, Victor C"]
[Black "Shetty, Atulya"]
[Result "0-1"]
[WhiteTitle "FM"]
[WhiteElo "2425"]
[BlackElo "2252"]
[WhiteFideId "2028581"]
[BlackFideId "2031213"]
[EventDate "2012.07.11"]

1. d4 d5 2. c4 c6 3. Nc3 Nf6 4. e3 a6 5. Qc2 g6 6. Nf3 Bg7 7. Bd3 O-O 8. h3 Nbd7
9. b3 Re8 10. O-O e5 11. cxd5 cxd5 12. dxe5 Nxe5 13. Nxe5 Rxe5 14. Bb2 Bxh3 15.
Ne2 Rg5 16. Nf4 Bf5 17. Rad1 Rc8 18. Qd2 Be4 19. f3 Bxd3 20. Qxd3 Qe7 21. Bxf6
Bxf6 22. Nxd5 Rxd5 23. Qxd5 Qxe3+ 24. Rf2 Rc2 25. Rd2 Rc1+ 26. Rd1 Rxd1+ 27.
Qxd1 Bd4 28. Qf1 Kg7 0-1

[Event "ch-USA Junior GpA"]
[Site "Saint Louis USA"]
[Date "2012.07.14"]
[Round "7"]
[White "Yang, Darwin"]
[Black "Michaelides, Matthew E"]
[Result "1/2-1/2"]
[WhiteTitle "IM"]
[WhiteElo "2498"]
[BlackElo "2107"]
[WhiteFideId "2029111"]
[BlackFideId "2042207"]
[EventDate "2012.07.11"]

1. d4 Nf6 2. c4 e6 3. Nc3 Bb4 4. e3 b6 5. Ne2 c5 6. a3 Ba5 7. Rb1 Na6 8. g3 Bb7
9. d5 b5 10. Bg2 bxc4 11. O-O Bxc3 12. Nxc3 exd5 13. Nxd5 Nxd5 14. Bxd5 Qb6 15.
Bxb7 Qxb7 16. Qd6 Nc7 17. Bd2 Qb6 18. Qe5+ Ne6 19. Bc3 d6 20. Qd5 O-O 21. Rbd1
Rad8 22. Qxc4 Rfe8 23. h4 h6 24. Rd2 Qc6 25. Rfd1 Qf3 26. Qd5 Qg4 27. Kg2 Nf8
28. f3 Qa4 29. e4 Rd7 30. Qf5 Re6 31. h5 Nh7 32. Qd5 Nf8 33. g4 Re8 34. Qf5 Ne6
35. Kg3 Rdd8 36. Qd5 Qb5 37. Qf5 Qa4 38. Qd5 Qb5 39. Qd3 Qb8 40. Qd5 Qb5 41. Qd3
Qb8 1/2-1/2